00761cam a22002537a 450000500170000000800410001701000100005801100100006803500100007808200150008811000270010324500300013026000310016030000100019159000410020159000420024265000440028465000480032870000260037670000260040290100070042894900550043599900170049020220329141313.0971010s1987 r 00010 d a66101 a67073 a76252 a632.8bC52 aCIBA Foundation923026 0aPlant resistance to virus aChichester :bWiley,c1987 a215 p aBATCH-UPDb10c20130110lUCH01h0441 aCONVERSIONb10c20130109lUCH01h133614aPlantasxEnfermedades por virus.98883414aPlantasxResistencia a enfermedades.9888820 aEvered, David.9389850 aHarnett, Sara.952778 aBK a632.8 C52bZAcLIBROd-9271eLIBROh5781i76252si c66101d66101